Представление документа в формате RUSMARC

ПолеНазваниеЗначение
  Тип записи a
  Библиографический уровень m
001 Контрольный номер RU/ГПНТБ России/KNIGADB/78.33(2Рос)6дРудо/В 27-520998239
005 Дата корректировки 20211223152555.9
010 Индекс ISBN __
a ISBN 978-5-7510-0798-0
9 Тираж 900 экз.
b Уточнения в пер.
100 Данные общей обработки __
a Данные общей обработки 20211022d2020 m y0rusy028902 ca
101 Язык документа 0_
a Язык текста rus
a Язык текста eng
102 Страна публикации __
a Страна публикации RU
105 Кодированные данные (монография) __
a Кодированные данные (монография) ca z 011yb
181 Поле кодированных данных: вид содержания _0
a Код вида содержания (ISBD) i
182 Поле кодированных данных: тип средства _0
a Код типа средства (ISBD) n
200 Заглавие и сведения об ответственности 1_
a Заглавие Великий библиотекарь
e Сведения, относящиеся к заглавию К 120-летию со дня рождения Маргариты Ивановны Рудомино : в 2 томах
d Параллельное заглавие A great librarian
z Язык параллельного заглавия eng
f Первые сведения об ответственности Российская государственная библиотека, Всероссийская государственная библиотека иностранной литературы им. М. И. Рудомино
g Последующие сведения об ответственности составитель В. А. Рудомино
203 Вид содержания и тип средства __
a Вид содержания Текст
c Тип средства непосредственный
205 Сведения об издании __
a Основные сведения об издании 2-е издание, исправленное и дополненное
210 Выходные данные 1_
d Дата издания 2020
a Место издания Москва
c Издательство Пашков дом
215 Физическое описание __
c Иллюстрации/тип воспроизводства портр., ил.
d Формат 27 см
300 Общие примечания __
a Общие примечания Текст на русском и частично английском языке
330 Аннотация __
a Аннотация Издание посвящено Маргарите Ивановне Рудомино (1900-1990) - необычайно яркой личности, основателю и бессменному на протяжении пятидесяти лет директору Всероссийской государственной библиотеки иностранной литературы. В первый том вошли воспоминания авторитетных российских деятелей культуры, родных и близких М. И. Рудомино. Второй том охватывает большой временной период - от середины 1920-х годов и до эпохи перестройки в СССР, включает документы и материалы из архива семьи Рудомино, архива ВГБИЛ. Ряд статей и фотографий публикуются впервые.
532 Расширенное заглавие 10
a Расширенное заглавие Стодвадцатилетию со дня рождения Маргариты Ивановны Рудомино
540 Дополнительное заглавие, сделанное каталогизатором 1_
a Дополнительное заглавие, сделанное каталогизатором 120-летию со дня рождения Маргариты Ивановны Рудомино
600 Персоналии _1
a Персоналии (Фамилия) Рудомино
b Персоналии (Имя) М. И.
g Полное имя Маргарита Ивановна
f Даты 1900-1990
601 Наименование организации как предмет 02
a Наименование организации как предмет Всероссийская государственная библиотека иностранной литературы имени М. И. Рудомино
e Место проведения временной организации Москва
601 Наименование организации как предмет 02
a Наименование организации как предмет ВГБИЛ
e Место проведения временной организации Москва
606 Тематические рубрики __
a Основная рубрика Библиотечное дело
606 Тематические рубрики __
a Основная рубрика История библиотечного дела
y Географическая подрубрика Россия
y Географическая подрубрика Москва
610 Ключевые слова 0_
a Ключевые слова библиотекари
610 Ключевые слова 0_
a Ключевые слова персоналии
610 Ключевые слова 0_
a Ключевые слова воспоминания
610 Ключевые слова 0_
a Ключевые слова директора библиотек
610 Ключевые слова 0_
a Ключевые слова библиотеки
610 Ключевые слова 0_
a Ключевые слова федеральные библиотеки
686 Индексы других классификаций __
2 Код системы rubbks
a Классификационный индекс 78.33д; ст78.3д
702 Вторичная интеллектуальная ответственность _1
a Фамилия Рудомино
b Имя В. А.
g Полное личное имя Василий Адрианович
4 Код отношения 220
712 Наименование организации (Вторичная ответственность) 02
a Организация/ юрисдикция Российская государственная библиотека
e Место проведения временной организации Москва
712 Наименование организации (Вторичная ответственность) 02
a Организация/ юрисдикция Всероссийская государственная библиотека иностранной литературы им. М. И. Рудомино
e Место проведения временной организации Москва
801 Источник записи _0
b Организация ГПНТБ России
a Страна RU
c Дата составления 20211022
g Правила каталогизации PSBO
801 Источник записи _1
b Организация ГПНТБ России
a Страна RU
c Дата составления 20211025
g Правила каталогизации PSBO
852 Данные о местонахождении 5_
j Шифр хранения 78.33д
i Авторский знак В 27
901 Тип документа __
a Ответственный КиК/Котельникова
t Тип документа v
903 Характеристики (МАРС) __
a Дата передачи 20211025
c Наименование библиотеки (МАРС) Муниципальное бюджетное учреждение культуры "Централизованная библиотечная система" г. Сургут (Центральная городская библиотека им. А. С. Пушкина)